Normal view
MARC view
- Diet therapy
Entry Topical Term
001 - CONTROL NUMBER
- control field: 111914
003 - CONTROL NUMBER IDENTIFIER
- control field: NUST
005 - DATE AND TIME OF LATEST TRANSACTION
- control field: 20230414124421.0
008 - FIXED-LENGTH DATA ELEMENTS
- fixed length control field: 230414|| aca||aabn | a|a d
040 ## - CATALOGING SOURCE
- Original cataloging agency: NUST
- Transcribing agency: NUST
150 ## - HEADING--TOPICAL TERM
- Topical term or geographic name entry element: Diet therapy
- General subdivision: Handbooks, manuals, etc
670 ## - SOURCE DATA FOUND
- Source citation: Work cat.: (NUST)0: Escott-Stump, Sylvia. 111913, Nutrition and diagnosis-related care /, 1992.
